00671nam a22002177a 4500008004100000020001500041020001500056040001800071041000800089100002000097245005600117260006100173300002300234490004600257504005300303650001800356650002300374650001700397650002500414650001400439130821s2003 enk gr eng  a0521531454 a0521824281 aCo-BoUCMbspa00aeng1 aTilly, Charles.14aThe politics of collective violencecCharles Tilly. aCambridge (Inglaterra)bCambridge University Pressc2003 axii, 276 páginas 0aCambridge studies in contentious politics aIncluye referencias bibliográficas e índice.04aBiopolítica04aCiencia política04aSociología04aViolencia política04aViolencia